[Event "European Rapid 2022"]
[Site "Katowice POL"]
[Date "2022.12.18"]
[Round "7.100"]
[White "Cieslak, Patryk"]
[Black "Pavlidou, Ekaterini"]
[Result "0-1"]
[BlackTitle "WIM"]
[WhiteElo "2094"]
[BlackElo "2178"]
[WhiteFideId "21078882"]
[BlackFideId "4213262"]
[EventDate "2022.12.17"]

1. e4 c5 2. Nf3 Nc6 3. Bb5 Qc7 4. O-O Nf6 5. Nc3 a6 6. Bxc6 dxc6 7. e5 Nd5 8.
Re1 h6 9. d3 Bf5 10. Nh4 Be6 11. f4 g5 12. fxg5 hxg5 13. Bxg5 Nxc3 14. bxc3
O-O-O 15. Qf3 Bh6 16. Bxh6 Rxh6 17. g3 Qd7 18. Qe3 Rh5 19. Qxc5 Kb8 20. Kf2 f6
21. Qe3 fxe5 22. Ke2 Qd6 23. Kd2 c5 24. Rab1 Bxa2 25. Qf3 Qh6+ 26. Ke2 Bd5 27.
Qe3 Qd6 28. Rf1 e4 29. Rf5 Rxf5 30. Nxf5 Qe5 31. Rf1 Qxc3 32. Qd2 Qxd2+ 33. Kxd2
exd3 34. Nxe7 Be4 35. cxd3 Rxd3+ 36. Ke2 Rd7 37. Rf8+ Kc7 38. Ng8 Bg6 39. Nf6
Rf7 40. Rxf7+ Bxf7 41. g4 Kd6 42. Ke3 a5 43. h4 a4 44. Ne4+ Kc6 45. Kd2 a3 46.
Kc1 b5 47. h5 b4 48. Ng5 Bc4 49. h6 b3 50. h7 b2+ 51. Kd2 b1=Q 52. h8=Q Qd3+ 53.
Kc1 Qe3+ 54. Kb1 a2+ 55. Kc2 Qd3+ 56. Kc1 Qb1+ 57. Kd2 a1=Q 58. Qc8+ Kb6 59.
Qb8+ Ka5 60. Qa7+ Kb4 61. Qb8+ Bb5 62. Qf4+ Qd4+ 0-1

[Event "European Rapid 2022"]
[Site "Katowice POL"]
[Date "2022.12.18"]
[Round "8.1"]
[White "Navara, David"]
[Black "Santos Latasa, Jaime"]
[Result "1/2-1/2"]
[WhiteTitle "GM"]
[BlackTitle "GM"]
[WhiteElo "2684"]
[BlackElo "2668"]
[WhiteFideId "309095"]
[BlackFideId "2293307"]
[EventDate "2022.12.17"]

1. d4 Nf6 2. c4 e6 3. Nf3 d5 4. Nc3 Bb4 5. e3 O-O 6. Bd2 b6 7. cxd5 exd5 8. Rc1
c5 9. a3 Bxc3 10. Bxc3 c4 11. Nd2 b5 12. Be2 Nc6 13. b3 Re8 14. O-O Bf5 15. Re1
Qd6 16. bxc4 bxc4 17. Ra1 Rab8 18. Qc1 h6 19. f3 Qd7 20. Nf1 Bg6 21. Qd2 Re7 22.
Ng3 Ne8 23. e4 dxe4 24. fxe4 Bxe4 25. Nxe4 Rxe4 26. Bxc4 Nd6 27. Ba2 Rbe8 28. h3
Ne7 29. Qd3 Ng6 30. Rxe4 Rxe4 31. Re1 Nf4 32. Qf3 Qe7 33. Rxe4 Qxe4 34. Qxe4
Nxe4 35. Be1 Ne2+ 36. Kf1 Nxd4 37. Bd5 Nf6 38. Bb7 Nc2 39. Bf2 Nxa3 40. Ba6 Nc2
41. Bxa7 Nb4 42. Bc4 Nc6 43. Be3 g5 44. Bc1 Ne5 45. Bb5 Ne4 46. Bb2 Nc4 47. Bxc4
Nd2+ 48. Kf2 Nxc4 49. Bd4 Kh7 50. g4 Kg6 51. Kg3 Nd6 52. Be5 Ne4+ 53. Kf3 Nd2+
54. Ke2 Nc4 55. Bc3 h5 56. Kf3 Nb6 57. Kg3 Nd5 58. Bd2 f5 59. gxf5+ Kxf5 60. Ba5
h4+ 61. Kh2 Kf4 62. Bd2+ Ne3 63. Kg1 Kf3 64. Bc1 Ke2 65. Kh1 Kf2 66. Bd2 Kf3 67.
Kg1 Ke2 68. Bc1 Kf3 69. Bd2 Ke2 70. Bc1 Kf3 1/2-1/2

[Event "European Rapid 2022"]
[Site "Katowice POL"]
[Date "2022.12.18"]
[Round "8.2"]
[White "Yuffa, Daniil"]
[Black "Fridman, Daniel"]
[Result "1/2-1/2"]
[WhiteTitle "GM"]
[BlackTitle "GM"]
[WhiteElo "2587"]
[BlackElo "2602"]
[WhiteFideId "24131423"]
[BlackFideId "11600454"]
[EventDate "2022.12.17"]

1. c4 e6 2. g3 d5 3. Bg2 Nf6 4. Nf3 d4 5. d3 c5 6. e4 Nc6 7. e5 Nd7 8. Bf4 Be7
9. h4 Qc7 10. Nbd2 Ndxe5 11. Nxe5 Nxe5 12. Qe2 f6 13. Bxe5 Qxe5 14. Qxe5 fxe5
15. O-O Bd6 16. Rfe1 O-O 17. Nf3 Rf5 18. Re2 Rb8 19. b3 Bd7 20. Rae1 b5 21. Nxe5
Bxe5 22. Rxe5 Rxe5 23. Rxe5 bxc4 24. bxc4 Rc8 25. f4 Kf7 26. Bh3 h6 27. Kf2 Rc6
28. Bg2 Rc8 29. Bh3 Rc6 30. Bg2 1/2-1/2

[Event "European Rapid 2022"]
[Site "Katowice POL"]
[Date "2022.12.18"]
[Round "8.4"]
[White "Grandelius, Nils"]
[Black "Huzman, Alexander"]
[Result "1/2-1/2"]
[WhiteTitle "GM"]
[BlackTitle "GM"]
[WhiteElo "2660"]
[BlackElo "2526"]
[WhiteFideId "1710400"]
[BlackFideId "2803828"]
[EventDate "2022.12.17"]

1. e4 e6 2. d4 d5 3. e5 c5 4. c3 Nc6 5. Nf3 Bd7 6. Be2 Nge7 7. Na3 Nf5 8. Nc2
cxd4 9. cxd4 Qb6 10. O-O Rc8 11. Bd3 a5 12. Rb1 Nb4 13. Nxb4 axb4 14. Bxf5 exf5
15. Re1 h6 16. e6 Bxe6 17. Ne5 Bd6 18. Qa4+ Kd8 19. Bd2 Re8 20. a3 f6 21. Nd3
Qa6 22. Qxa6 bxa6 23. Bxb4 Bxb4 24. Nxb4 a5 25. Na2 Rc2 26. Nc3 Bf7 27. Rec1 Rd2
28. Rd1 Rc2 29. Rdc1 Rd2 30. Rd1 Rc2 31. Rdc1 1/2-1/2

[Event "European Rapid 2022"]
[Site "Katowice POL"]
[Date "2022.12.18"]
[Round "8.5"]
[White "Lagarde, Maxime"]
[Black "Drozdowski, Kacper"]
[Result "0-1"]
[WhiteTitle "GM"]
[BlackTitle "IM"]
[WhiteElo "2584"]
[BlackElo "2448"]
[WhiteFideId "662399"]
[BlackFideId "1136720"]
[EventDate "2022.12.17"]

1. e4 c5 2. Nf3 e6 3. b3 b6 4. Bb2 Bb7 5. Nc3 Nc6 6. Qe2 d6 7. O-O-O e5 8. g4
Be7 9. h4 Nd4 10. Nxd4 cxd4 11. Nd5 Nf6 12. Nxf6+ Bxf6 13. g5 Be7 14. f4 Qc7 15.
Kb1 f5 16. Bg2 O-O 17. exf5 Rxf5 18. Bxb7 Qxb7 19. fxe5 dxe5 20. Qc4+ Kh8 21.
Rhf1 Raf8 22. Rxf5 Rxf5 23. Qe6 Qf3 24. Re1 Bf8 25. a4 Qf4 26. Ka2 g6 27. d3 Bg7
28. Re4 Qf2 29. Qc6 Rf8 30. Ba3 Rg8 31. Bd6 Qf5 32. Qd5 Rd8 33. Rxe5 Qxe5 34.
Qxe5 Bxe5 35. Bxe5+ Kg8 36. b4 Kf7 37. Kb3 Ke6 38. Bf6 Rd7 39. Kc4 Rc7+ 40. Kb5
Kd5 41. Ka6 Rxc2 42. Kxa7 Ra2 43. Kxb6 Rxa4 44. b5 Ra3 45. Kc7 Rxd3 46. b6 Rc3+ 0-1

[Event "European Rapid 2022"]
[Site "Katowice POL"]
[Date "2022.12.18"]
[Round "8.6"]
[White "Abdrlauf, Elham"]
[Black "Hovhannisyan, Robert"]
[Result "1-0"]
[WhiteTitle "IM"]
[BlackTitle "GM"]
[WhiteElo "2518"]
[BlackElo "2597"]
[WhiteFideId "1533533"]
[BlackFideId "13302507"]
[EventDate "2022.12.17"]

1. e4 e5 2. Nc3 Nf6 3. d4 exd4 4. Qxd4 Nc6 5. Qd3 Bc5 6. Bf4 O-O 7. O-O-O Nb4 8.
Qd2 c6 9. Be3 Bxe3 10. Qxe3 Re8 11. Qd4 Qb6 12. a3 Qxd4 13. Rxd4 c5 14. Rd1 Nc6
15. f3 a6 16. Na4 Re5 17. Nb6 Rb8 18. Ne2 g5 19. h4 g4 20. c3 Ne7 21. Nc4 Rh5
22. Ng3 Rh6 23. Nd6 b5 24. Ndf5 Nxf5 25. Nxf5 Rh5 26. Be2 g3 27. f4 Rxf5 28.
exf5 d5 29. Bf3 b4 30. axb4 cxb4 31. cxb4 Bxf5 32. Rd4 Rc8+ 33. Kd1 Rc2 34. Rh3
Rxb2 35. Rxg3+ Kf8 36. Bxd5 h5 37. Ra3 Nxd5 38. Rxd5 Bg4+ 39. Kc1 Rxb4 40. g3
Re4 41. Rda5 Be2 42. Re5 Rxe5 43. fxe5 Bb5 44. Kd2 f6 45. Rf3 a5 46. Rxf6+ Ke7
47. Rb6 Be8 48. Ra6 a4 49. Ke3 Bb5 50. Ra5 Be8 51. Kf4 Ke6 52. Ra6+ Kd5 53. Rd6+
Kc5 54. Rd8 Bc6 55. e6 a3 56. e7 a2 57. Rd1 Kb4 58. g4 hxg4 59. h5 Ba4 60. Rd4+ 1-0

[Event "European Rapid 2022"]
[Site "Katowice POL"]
[Date "2022.12.18"]
[Round "8.7"]
[White "Ziska, Helgi Dam"]
[Black "Seo, Jung Min"]
[Result "1/2-1/2"]
[WhiteTitle "GM"]
[BlackTitle "IM"]
[WhiteElo "2546"]
[BlackElo "2502"]
[WhiteFideId "7200595"]
[BlackFideId "1734687"]
[EventDate "2022.12.17"]

1. e4 c5 2. Nf3 d6 3. Bb5+ Nd7 4. O-O Nf6 5. Re1 a6 6. Bf1 e6 7. c3 b5 8. d4
cxd4 9. cxd4 Bb7 10. Nbd2 Be7 11. b3 O-O 12. Bb2 Rc8 13. Bd3 Qb6 14. Qe2 Rfd8
15. Nf1 Nf8 16. Ng3 Ng6 17. Qd2 a5 18. a3 b4 19. axb4 axb4 20. Ra4 d5 21. e5 Ne4
22. Nxe4 dxe4 23. Bxe4 Bxe4 24. Rxe4 Qc6 25. Re2 Qd5 26. Qe3 Qb5 27. Rd2 h6 28.
h3 Bf8 29. Ne1 Ne7 30. Qd3 Qb7 31. Qa6 Qe4 32. Qe2 Qb7 33. Qa6 Qe4 34. Re2 Qb1
35. Qd3 Qxd3 36. Nxd3 Nf5 37. Nxb4 Nxd4 38. Bxd4 Rxd4 39. Nc2 Rxa4 40. bxa4 Rc4
41. Ne1 1/2-1/2

[Event "European Rapid 2022"]
[Site "Katowice POL"]
[Date "2022.12.18"]
[Round "8.8"]
[White "Cramling, Pia"]
[Black "Mastrovasilis, Dimitrios"]
[Result "1/2-1/2"]
[WhiteTitle "GM"]
[BlackTitle "GM"]
[WhiteElo "2463"]
[BlackElo "2605"]
[WhiteFideId "1700030"]
[BlackFideId "4202694"]
[EventDate "2022.12.17"]

1. d4 d5 2. c4 e6 3. Nf3 Nf6 4. Nc3 a6 5. cxd5 exd5 6. Bg5 Be6 7. Bxf6 Qxf6 8.
Qb3 Ra7 9. g3 Qd8 10. h4 Be7 11. Bh3 Bxh3 12. Rxh3 c6 13. Kf1 Nd7 14. e4 dxe4
15. Nxe4 O-O 16. Kg2 Nf6 17. Nxf6+ Bxf6 18. Rd1 b5 19. Ne5 Qd6 20. f4 c5 21.
dxc5 Qxc5 22. Rd5 Qc8 23. Rh1 Rc7 24. Rf1 Rc2+ 25. Rf2 Rxf2+ 26. Kxf2 Bxe5 27.
Rxe5 Rd8 28. Rd5 Re8 29. Qd3 h6 30. b4 Qe6 31. Qd2 Qe4 32. Rd8 Rxd8 33. Qxd8+
Kh7 34. Qd2 Kg6 35. Qd6+ Kh5 36. Qd1+ Kg6 37. Qd6+ f6 38. Qd2 h5 39. a3 Kf5 40.
Qd7+ Kg6 41. Qd2 Kf5 42. Qd7+ Kg6 1/2-1/2

[Event "European Rapid 2022"]
[Site "Katowice POL"]
[Date "2022.12.18"]
[Round "8.9"]
[White "Sargsyan, Shant"]
[Black "Samunenkov, Ihor"]
[Result "1/2-1/2"]
[WhiteTitle "GM"]
[BlackTitle "IM"]
[WhiteElo "2645"]
[BlackElo "2488"]
[WhiteFideId "13306766"]
[BlackFideId "14187086"]
[EventDate "2022.12.17"]

1. d4 d5 2. c4 e6 3. Nf3 Nf6 4. Nc3 a6 5. cxd5 exd5 6. Qb3 h6 7. Bf4 Bd6 8. Be5
c6 9. e3 O-O 10. Bd3 Re8 11. Bxd6 Qxd6 12. O-O Nbd7 13. Rac1 Ne4 14. Rfd1 Qe7
15. Na4 Ng5 16. Nxg5 Qxg5 17. Bf1 Nf6 18. Nc5 Re7 19. Re1 Ne4 20. Nxe4 Rxe4 21.
Qb6 h5 22. b4 h4 23. g3 hxg3 24. hxg3 Re6 25. Bg2 Rh6 26. Qc7 Qh5 27. Qf4 Qh2+
28. Kf1 Rf6 29. Qh4 Qxh4 30. gxh4 Bf5 31. Ke2 Bg4+ 32. f3 Bh5 33. Kf2 Re8 34. a4
Re4 35. f4 Re7 36. b5 axb5 37. axb5 Bg6 38. Rc3 Be4 39. bxc6 bxc6 40. Rec1 Bxg2
41. Kxg2 Ree6 42. Kf3 Kh7 43. Rh1 Rh6 44. h5 Re4 45. Kf2 Kg8 46. Rcc1 Ree6 47.
Rcg1 Re4 48. Rg5 Re7 49. Rh3 Kf8 50. Rg1 Ree6 51. Ra1 Re7 52. Ra8+ Re8 53. Ra1
Rb8 54. Kf3 Re6 55. Rg3 Rbe8 56. Kf2 Rh6 57. Rh1 Re7 58. Ke2 Ree6 59. Kd3 Rh7
60. Rg5 Reh6 61. Rc1 Ke7 62. Rcg1 Kf8 63. Rc1 Ke7 64. Rcg1 Kf8 1/2-1/2

[Event "European Rapid 2022"]
[Site "Katowice POL"]
[Date "2022.12.18"]
[Round "8.10"]
[White "Costachi, Mihnea"]
[Black "Azarov, Sergei"]
[Result "0-1"]
[WhiteTitle "IM"]
[BlackTitle "GM"]
[WhiteElo "2476"]
[BlackElo "2562"]
[WhiteFideId "1217518"]
[BlackFideId "13501470"]
[EventDate "2022.12.17"]

1. d4 Nf6 2. Nf3 e6 3. c4 d5 4. Nc3 Be7 5. Bg5 h6 6. Bh4 O-O 7. e3 b6 8. cxd5
Nxd5 9. Bxe7 Qxe7 10. Nxd5 exd5 11. Be2 Be6 12. O-O c5 13. dxc5 bxc5 14. Rc1 Nd7
15. Qa4 a5 16. Rfd1 Rfb8 17. Bb5 Nf6 18. Ne5 Rb6 19. b3 Bf5 20. Nf3 Bg4 21. Be2
d4 22. Qc4 dxe3 23. Qxc5 Qxc5 24. Rxc5 exf2+ 25. Kf1 a4 26. Bc4 axb3 27. Bxb3
Be6 28. Bxe6 Rxe6 29. Rc2 Ng4 30. Rdd2 Ne3+ 31. Kxf2 Nxc2 32. Rxc2 Rea6 33. Kg3
Rxa2 34. Rc7 Rb2 35. Kh3 Raa2 36. g3 Rf2 37. Rc3 f5 38. g4 fxg4+ 39. Kxg4 Rxh2
40. Nxh2 Rxh2 41. Rc7 Kh7 42. Rc6 Ra2 43. Kh4 Ra4+ 44. Kg3 h5 45. Rc5 Kh6 46.
Rb5 g6 47. Rc5 Ra3+ 48. Kg2 h4 49. Rc8 Kh5 50. Rc2 g5 51. Kh2 h3 52. Rc4 g4 53.
Rb4 Ra2+ 54. Kh1 Kh4 55. Rc4 Re2 56. Kg1 Kg3 57. Rc1 Kf4 58. Rc8 Rg2+ 59. Kh1
Rd2 60. Rc4+ Kf5 61. Rc3 Re2 62. Kg1 Kf4 63. Rc8 g3 64. Rf8+ Ke3 65. Re8+ Kd3
66. Rd8+ Kc4 67. Rc8+ Kb5 68. Rb8+ Kc6 69. Rc8+ Kb7 70. Rc1 Rb2 71. Kh1 Kb6 72.
Rg1 Rh2# 0-1

[Event "European Rapid 2022"]
[Site "Katowice POL"]
[Date "2022.12.18"]
[Round "8.11"]
[White "Pultinevicius, Paulius"]
[Black "Subelj, Jan"]
[Result "1-0"]
[WhiteTitle "GM"]
[BlackTitle "IM"]
[WhiteElo "2561"]
[BlackElo "2492"]
[WhiteFideId "12809390"]
[BlackFideId "14618583"]
[EventDate "2022.12.17"]

1. d4 d5 2. Bf4 c5 3. e3 Nc6 4. c3 Bf5 5. Qb3 Qd7 6. Nd2 cxd4 7. exd4 f6 8. Bg3
e6 9. Ngf3 g5 10. Be2 h5 11. h4 g4 12. Nh2 Bd6 13. Nhf1 Nge7 14. Bxd6 Qxd6 15.
Ng3 Bg6 16. O-O Bf7 17. Qxb7 Rb8 18. Qa6 Rxb2 19. Nge4 Qc7 20. Qa3 Rb6 21. Nc5
O-O 22. Rfe1 e5 23. Rac1 Nf5 24. g3 e4 25. Nf1 Qd6 26. Kg2 Rfb8 27. Rc2 Bg6 28.
Ne3 Nxe3+ 29. fxe3 Ne7 30. Kf2 Nf5 31. Rg1 Rb1 32. Rg2 Qf8 33. c4 Bf7 34. Qc3
Qd6 35. Nb3 Qa3 36. cxd5 Kg7 37. Qc5 R8xb3 38. axb3 Qxb3 39. Qc3 Qxd5 40. Rb2
Rh1 41. Rb5 Qd7 42. Qc5 Nd6 43. Rb2 Nb7 44. Qb5 Qc8 45. Rg1 Rxg1 46. Kxg1 Qc1+
47. Kf2 Nd6 48. Rb1 Qc2 49. Qb2 Qc7 50. Rc1 Qd7 51. Rc5 Nb7 52. Rb5 Nd6 53. Ra5
Qc7 54. Rc5 Qd7 55. Qb8 Kg6 56. Qc7 Qe6 57. Qxa7 Nf5 58. Bc4 Qxc4 59. Rxc4 Bxc4
60. Qb7 Bd3 61. d5 Bc4 62. d6 Nxd6 63. Qc6 Kf5 64. Qxd6 Bd3 65. Ke1 Kg6 66. Kd2
Kf5 67. Kc3 Kg6 68. Kd4 Bb1 69. Kc5 Ba2 70. Qf4 Be6 71. Qxe4+ Bf5 72. Qe8+ Kg7
73. Qxh5 1-0

[Event "European Rapid 2022"]
[Site "Katowice POL"]
[Date "2022.12.18"]
[Round "8.12"]
[White "Blohberger, Felix"]
[Black "Saric, Ante"]
[Result "0-1"]
[WhiteTitle "GM"]
[BlackTitle "GM"]
[WhiteElo "2490"]
[BlackElo "2504"]
[WhiteFideId "1632051"]
[BlackFideId "14506254"]
[EventDate "2022.12.17"]

1. d4 Nf6 2. c4 e6 3. Nc3 d5 4. cxd5 Nxd5 5. e4 Nxc3 6. bxc3 c5 7. Rb1 Be7 8.
Nf3 O-O 9. h4 b6 10. h5 Bb7 11. Bd3 cxd4 12. cxd4 Nc6 13. Be2 Rc8 14. h6 g6 15.
O-O Bf6 16. Be3 Na5 17. d5 exd5 18. e5 Be7 19. Nh2 Nc4 20. Bd4 Rc7 21. f4 Bc8
22. Bd3 Bc5 23. Bxc5 Rxc5 24. Qe1 Qe7 25. Nf3 f6 26. Qg3 Ne3 27. Rfe1 Nf5 28.
Qh2 Rc3 29. Rbd1 Qc5+ 30. Kh1 Ne3 31. Qg3 Nxd1 32. Bxg6 Nf2+ 33. Kh2 Ng4+ 34.
Kh1 hxg6 35. f5 Bxf5 36. h7+ Kh8 37. exf6 Qc7 0-1

[Event "European Rapid 2022"]
[Site "Katowice POL"]
[Date "2022.12.18"]
[Round "8.13"]
[White "Paehtz, Elisabeth"]
[Black "Tregubov, Pavel V."]
[Result "1/2-1/2"]
[WhiteTitle "GM"]
[BlackTitle "GM"]
[WhiteElo "2464"]
[BlackElo "2553"]
[WhiteFideId "4641833"]
[BlackFideId "4115341"]
[EventDate "2022.12.17"]

1. d4 Nf6 2. Nf3 d5 3. Bf4 c5 4. e3 Nc6 5. Nbd2 cxd4 6. exd4 Bf5 7. c3 e6 8. Qb3
Qc8 9. Nh4 Be4 10. Nxe4 Nxe4 11. Nf3 Bd6 12. Bxd6 Nxd6 13. Bd3 O-O 14. O-O Rb8
15. Qc2 g6 16. Qd2 Qd8 17. Qf4 Qe7 18. Rfe1 f6 19. Qh4 Rbe8 20. Bc2 b5 21. Re2
f5 22. Qf4 Ne4 23. h4 Rc8 24. Rae1 Qc7 25. Qh6 Qg7 26. Qf4 Qc7 27. Qh6 Qg7 28.
Qf4 Qc7 1/2-1/2

[Event "European Rapid 2022"]
[Site "Katowice POL"]
[Date "2022.12.18"]
[Round "8.14"]
[White "Sahidi, Samir"]
[Black "Fus, Jakub"]
[Result "1/2-1/2"]
[WhiteTitle "IM"]
[BlackTitle "FM"]
[WhiteElo "2494"]
[BlackElo "2405"]
[WhiteFideId "14936372"]
[BlackFideId "1193023"]
[EventDate "2022.12.17"]

1. e4 e6 2. d4 d5 3. e5 c5 4. c3 Nc6 5. Nf3 Bd7 6. a3 Nge7 7. Bd3 cxd4 8. cxd4
Nf5 9. Bxf5 exf5 10. Nc3 Be6 11. h4 Be7 12. Bg5 Qb6 13. Bxe7 Nxe7 14. Qa4+ Bd7
15. Qb4 Qa6 16. Qd6 Qxd6 17. exd6 Nc8 18. Nxd5 Kd8 19. Ne5 Nxd6 20. h5 Be6 21.
Nf4 Re8 22. O-O f6 23. Nf3 Bf7 24. Rfd1 Re4 25. g3 g5 26. hxg6 hxg6 27. d5 g5
28. Ne6+ Ke7 29. Rac1 Bxe6 30. dxe6 Rc4 31. Rxc4 Nxc4 32. Rd7+ Kxe6 33. Rxb7 Rd8
34. a4 a5 35. b3 Nd2 36. Rb6+ Kf7 37. Nxd2 Rxd2 38. Rb5 Rb2 39. Rxa5 Rxb3 40.
Rxf5 Kg6 41. Rb5 Ra3 42. a5 g4 43. Kf1 Ra2 44. Ke1 Kh6 45. Rb6 Rxa5 46. Rxf6+
Kg5 47. Rd6 Kf5 48. Ke2 Rb5 49. Rd8 Ra5 50. Ke3 Ra3+ 51. Rd3 Ra5 52. Rc3 Re5+
53. Kd4 Re2 54. Rc8 Kg5 55. Rf8 Re1 56. Rf4 Re2 57. Kd3 Ra2 58. Rf8 Ra3+ 59. Ke4
Ra4+ 60. Ke5 Ra5+ 61. Ke6 Ra6+ 62. Kd5 Ra5+ 63. Kd4 Ra4+ 64. Kc3 Ra2 65. Rf4
Ra3+ 66. Kd2 Ra2+ 67. Ke3 Ra3+ 68. Ke2 Ra2+ 69. Kf1 Ra1+ 70. Kg2 Rb1 71. Rd4 Ra1
72. Rd8 Rb1 73. Rg8+ Kf5 74. f4 gxf3+ 75. Kxf3 Kf6 76. Kg4 Kf7 77. Rg5 Kf6 78.
Kh4 Rh1+ 79. Kg4 Ra1 80. Rb5 Ra2 81. Rb4 Kg6 82. Rb6+ Kg7 83. Kh4 Ra4+ 84. g4
Ra5 85. Rc6 Rb5 86. Re6 Ra5 87. Kg3 Ra4 88. Re5 Kg6 89. Kh4 Ra6 90. Rg5+ Kh6 91.
Rg8 Kh7 92. Re8 Kg6 93. Re4 Rb6 1/2-1/2

[Event "European Rapid 2022"]
[Site "Katowice POL"]
[Date "2022.12.18"]
[Round "8.15"]
[White "Seemann, Jakub"]
[Black "Kosakowski, Jakub"]
[Result "1-0"]
[WhiteTitle "FM"]
[BlackTitle "IM"]
[WhiteElo "2365"]
[BlackElo "2475"]
[WhiteFideId "21874697"]
[BlackFideId "1185080"]
[EventDate "2022.12.17"]

1. e4 c6 2. Nf3 d5 3. d3 g6 4. e5 f6 5. d4 fxe5 6. Nxe5 Nf6 7. h4 Be6 8. h5 gxh5
9. Be2 Qb6 10. Nc3 Nbd7 11. Bxh5+ Nxh5 12. Qxh5+ Kd8 13. Nxd7 Kxd7 14. Bf4 Qxb2
15. Kd2 Qb6 16. Qe5 Rg8 17. Rxh7 c5 18. Nxd5 Qc6 19. Nf6+ Kc8 20. d5 Qb6 21.
Qxe6+ Qxe6 22. dxe6 exf6 23. e7 1-0

[Event "European Rapid 2022"]
[Site "Katowice POL"]
[Date "2022.12.18"]
[Round "8.16"]
[White "Alonso Rosell, Alvar"]
[Black "Berend, Elvira"]
[Result "1-0"]
[WhiteTitle "GM"]
[BlackTitle "WGM"]
[WhiteElo "2561"]
[BlackElo "2318"]
[WhiteFideId "2270544"]
[BlackFideId "4000510"]
[EventDate "2022.12.17"]

1. d4 Nf6 2. c4 e6 3. Nf3 Bb4+ 4. Nbd2 O-O 5. a3 Be7 6. e4 d6 7. Be2 c5 8. d5 e5
9. Qc2 a5 10. Nb1 Ne8 11. Bd3 Bg4 12. Nbd2 Na6 13. h3 Bd7 14. Nb1 Nac7 15. Nc3
Rb8 16. Qe2 f5 17. exf5 Bxf5 18. Bxf5 Rxf5 19. Be3 Qd7 20. a4 Na6 21. Nd2 Nb4
22. Nde4 Rf8 23. O-O h6 24. f4 exf4 25. Bxf4 Nf6 26. Rae1 Rbe8 27. b3 Kh8 28.
Qd2 Ng8 29. Nb5 Bh4 30. g3 Qxh3 31. Nbxd6 Bf6 32. Nxe8 Bd4+ 33. Nf2 Nd3 34. Re3
Nxf2 35. Qxf2 Rxe8 36. Rxe8 Bxf2+ 37. Rxf2 Kh7 38. Be5 Nf6 39. Bxf6 Qxg3+ 40.
Rg2 1-0

[Event "European Rapid 2022"]
[Site "Katowice POL"]
[Date "2022.12.18"]
[Round "8.17"]
[White "Gavrilescu, David"]
[Black "Chyzy, Jakub"]
[Result "1/2-1/2"]
[WhiteTitle "IM"]
[BlackTitle "FM"]
[WhiteElo "2522"]
[BlackElo "2247"]
[WhiteFideId "1227190"]
[BlackFideId "21806209"]
[EventDate "2022.12.17"]

1. e4 e5 2. Bc4 Nf6 3. d3 Nc6 4. Nc3 Na5 5. Qf3 Nxc4 6. dxc4 d6 7. Nge2 Be6 8.
b3 Be7 9. O-O O-O 10. h3 Ne8 11. Ng3 g6 12. Bh6 Ng7 13. Rad1 Bg5 14. Bxg5 Qxg5
15. Nb5 Qe7 16. Qe3 f5 17. exf5 Nxf5 18. Nxf5 Rxf5 19. Nc3 Raf8 20. Qxa7 b6 21.
Qb7 Qf7 22. Ne4 Rf4 23. Ng5 Bc8 24. Qxc8 Rxc8 25. Nxf7 Kxf7 26. a4 Ke6 27. Rd3
g5 28. Re1 Rcf8 29. Re2 h5 30. g3 R4f5 31. Kg2 g4 32. hxg4 hxg4 33. Rd1 Rh5 34.
Rh1 Rxh1 35. Kxh1 Rf3 36. Kg2 Rc3 37. Kf1 d5 38. cxd5+ Kxd5 39. Ke1 e4 40. Kd2
Rf3 41. c3 c5 42. Kc2 Ke5 43. Kb2 Kd5 44. Rd2+ Ke5 45. b4 cxb4 46. cxb4 e3 47.
fxe3 Rxe3 48. Rd8 Rxg3 49. Rb8 Rd3 50. Rxb6 Rd6 51. Rb5+ Kf4 52. Rc5 g3 53. b5
g2 54. Rc1 Rg6 55. Rg1 Ke5 56. Kb3 Kd6 57. Kb4 Rg4+ 58. Kc3 Kc5 1/2-1/2

[Event "European Rapid 2022"]
[Site "Katowice POL"]
[Date "2022.12.18"]
[Round "8.18"]
[White "Kjartansson, Gudmundur"]
[Black "Svane, Rasmus"]
[Result "1/2-1/2"]
[WhiteTitle "GM"]
[BlackTitle "GM"]
[WhiteElo "2453"]
[BlackElo "2622"]
[WhiteFideId "2301318"]
[BlackFideId "4657101"]
[EventDate "2022.12.17"]

1. c4 Nf6 2. Nc3 e5 3. Nf3 Nc6 4. g3 d5 5. cxd5 Nxd5 6. Bg2 Bc5 7. O-O O-O 8. d3
h6 9. Bd2 Nf6 10. Rc1 Re8 11. Na4 Bb6 12. a3 Nd4 13. Nxb6 axb6 14. e3 Nc6 15.
Qc2 Bf5 16. e4 Bg4 17. Be3 Re7 18. h3 Bxf3 19. Bxf3 Nd4 20. Bxd4 Qxd4 21. Qc3
Rd8 22. Qxd4 Rxd4 23. Be2 c6 24. Rfd1 Kf8 25. Kf1 Nd7 26. b4 b5 27. h4 Rd6 28.
Bg4 Nf6 29. Bh3 Re8 30. Ke2 g6 31. Rc3 Red8 32. f3 Nh5 33. Rg1 f6 34. Ke3 Ng7
35. f4 Re8 36. fxe5 fxe5 37. Rf1+ Kg8 38. Bg4 Re7 39. Rf2 Ne8 40. Rc1 Nf6 41.
Bh3 Kg7 42. Rcf1 Re8 43. Rc1 Red8 44. Rc3 Nh5 45. Rg2 Ra8 46. Bg4 Nf6 47. Bh3
Re8 48. Ra2 Nh5 49. Rg2 Rf6 50. Bg4 Rf1 51. Bxh5 gxh5 52. g4 hxg4 53. Rxg4+ Kh7
54. a4 bxa4 55. b5 Re6 56. Rc5 a3 57. bxc6 Rxc6 58. Rxe5 Rc7 59. Ra5 Re1+ 60.
Kd2 Ra1 61. e5 a2 62. Rga4 Rg7 63. Kc3 Rg2 64. h5 Rc1+ 65. Kb3 Rb1+ 66. Kc3 Rc1+
67. Kb3 Rb1+ 68. Kc3 Rbb2 69. e6 Rbc2+ 70. Kd4 Rg4+ 71. Ke5 Rg5+ 72. Kf6 Rf2+
73. Ke7 Rxa5 74. Rxa5 b5 75. Kd6 Rd2 76. Ra7+ Kg8 77. e7 Kf7 78. Kc5 Rb2 79. d4
b4 80. d5 b3 81. d6 Rc2+ 82. Kd5 Re2 83. Kc4 Re1 84. Ra8 a1=Q 85. e8=Q+ Rxe8 86.
Rxa1 b2 87. Rb1 Rb8 88. Kc3 Ke6 89. Rxb2 Rxb2 90. Kxb2 Kxd6 91. Kc3 1/2-1/2

[Event "European Rapid 2022"]
[Site "Katowice POL"]
[Date "2022.12.18"]
[Round "8.19"]
[White "Petursson, Margeir"]
[Black "Beliavsky, Alexander G"]
[Result "1/2-1/2"]
[WhiteTitle "GM"]
[BlackTitle "GM"]
[WhiteElo "2437"]
[BlackElo "2499"]
[WhiteFideId "2300028"]
[BlackFideId "14602377"]
[EventDate "2022.12.17"]

1. c4 e6 2. g3 d5 3. Bg2 Nf6 4. Nf3 Be7 5. O-O O-O 6. d4 dxc4 7. Ne5 Nc6 8. Nxc6
bxc6 9. Na3 Bxa3 10. bxa3 Nd5 11. Qa4 Nb6 12. Qxc6 Rb8 13. Qc5 Bb7 14. e4 Qd6
15. Bf4 Qxc5 16. dxc5 Na4 17. Bxc7 Rbc8 18. Bd6 Rfd8 19. Rab1 Ba6 20. Rfc1 Nxc5
21. e5 Nd3 22. Rc3 f6 23. f4 Rd7 24. Bh3 Re8 25. Rb8 Kf7 26. Rxe8 Kxe8 27. Bxe6
Rb7 28. Bxc4 Rb1+ 29. Kg2 Rb2+ 30. Kf1 Bxc4 31. Rxc4 fxe5 32. fxe5 Kd7 33. Rc7+
Ke6 34. Rxa7 Rxh2 35. Rxg7 h5 36. Rg5 h4 37. gxh4 Rxh4 38. Ke2 Rh3 39. a4 Nf4+
40. Kd2 Rh2+ 41. Kc3 Rxa2 42. Kb3 Ra1 43. Rg8 Kd5 44. Rc8 Ne6 45. Kb4 Rb1+ 46.
Ka5 Ra1 47. Rc3 Ra2 48. Rc1 Nd4 49. Rc5+ Ke4 50. Rc3 Kd5 51. Ra3 Nc6+ 52. Kb6
Rxa3 53. Bxa3 Nxe5 54. Kb5 Nc6 55. Bc5 Na5 56. Bf2 Nb3 57. Bg3 Ke6 58. Kb4 Kd7 1/2-1/2